[Event "CZE-ch"]
[Site "Karlovy Vary"]
[Date "2004.02.22"]
[Round "6"]
[White "Haba, Petr"]
[Black "Hracek, Zbynek"]
[Result "0-1"]
[WhiteElo "2524"]
[BlackElo "2599"]
[Annotator "Ribli,Z"]
[PlyCount "66"]
[EventDate "2004.02.17"]
[EventType "tourn"]
[EventRounds "11"]
[EventCountry "CZE"]
[EventCategory "11"]
[SourceTitle "CBM 100"]
[Source "ChessBase"]
[SourceDate "2004.06.01"]
[SourceVersion "1"]
[SourceVersionDate "2004.06.01"]
[SourceQuality "1"]

1. d4 {Atlas,V} Nf6 2. c4 e6 3. g3 {Großmeister Haba spielt gern die
Katalanische Verteidigung mit Weiß, was erreichbar wäre mit 3...d5.} c5 {
Dieser Zug ist eine Einladung zur Benoni - Verteidigung (4.d5 exd5 5.cxd5 d6 -
5...b5 ist auch interessant -).} 4. Nf3 cxd4 5. Nxd4 Qc7 {Der Damezug ist eine
populäre Fortsetzung, aber die Alternativen - 5...Qa5+, 5...a6, 5...Bb4+, 5...
Nc6, 5...Qb6 - kommen auch in Betracht. Der Vorteil des Damezugs ist, dass
Schwarz den c4-Bauern angreift.} 6. Nd2 b6 {Dieser Zug ist die beste
Möglichkeit für Weiß, aber 5...a6 und 5...Nc6 sind auch spielbar.} 7. Bg2 Bb7
8. Nb5 {Das ist die Abweichung von Weiß. In einer früheren Partie zwischen
denselben Spielern spielte Weiß 8.Bxb7.} (8. Bxb7 Qxb7 9. O-O Nc6 10. Nxc6 Qxc6
11. b3 Be7 12. Bb2 O-O 13. Nf3 a6 14. Qd3 Rfd8 15. Rac1 Qb7 16. Rfd1 d5 17. Qb1
dxc4 18. Bxf6 Bxf6 19. Rxc4 b5 {0-1 Haba,P-Hracek,Z/Czechia 2001/EXT 2003 (51)}
) 8... Qc8 9. e4 {Weiß tauscht nicht den Läufer auf der großen Diagonalen und
möchte eine starke Zentrumstellung aufbauen.} (9. Bxb7 Qxb7 10. Nf3 Ne4 $11)
9... a6 10. Nc3 d6 11. O-O Be7 12. b3 O-O 13. Bb2 Nbd7 14. Qe2 Re8 {Wir haben
eine traditionelle Igelstellung, in der Weiß mehr Raum kontrolliert und die
schwarze Stellung ist etwas passiv, aber fest. Der d2N steht hier weniger gut.}
(14... Nc5 15. Rfd1 Qc7 16. Nf1 Rac8 17. Rac1 Rfe8 18. h3 Qb8 19. g4 h6 20. Ng3
Bc6 21. Bf1 Qa8 22. Re1 Rb8 23. f4 b5 $13 {0-1 Martinovsky,E-Csom,I/Wrexham
1996/CBM 55 ext (88)}) (14... Qc7 $5 $11 {Und im folgenden kann Schwarz seine
Stellung mit Rac8, Rfe8 und Qb8 aufbauen.}) 15. Rac1 Qc5 {Mit diesem Zug
möchte Schwarz die Schwächung des weißen Damenflügels mit a3-b4 provozieren
und die Möglichkeit f2-f4 verhindern.} (15... Qb8 16. Rfe1 b5 $6 (16... Qa7 17.
g4 h6 18. Kh1 $36) 17. cxb5 axb5 18. Qxb5 Ne5 19. Na4 Qa7 20. Bxe5 $1 dxe5 21.
Nc4 $16 {1/2-1/2 Cifuentes Parada,R-Van der Wiel,J/Wijk aan Zee 1997/CBM 57/
[Yudasin,L] (62)}) 16. a3 (16. Na4 Qc6 $11 {[%cal Gb6b5]} (16... Qc7 17. f4 $14
{[%cal Ge4e5]})) 16... Rac8 17. b4 Qc7 $11 {Schwarz hat eine bequeme Stellung,
der d2N kann nicht wegziehen wegen der Schwächung des c4-Bauern.} 18. f4 Nf8 {
Schwarz muss sich gegen die Drohung 19.e5 verteidigen. Mit dem Textzug macht
Schwarz Platz auf d5 für den f6-Springer.} 19. Kh1 (19. Nd1 $5 N6d7 (19... Bc6
20. Ne3 $14) 20. Ne3 Bf6 $11) 19... N6d7 20. Nd1 Bf6 {Das ist eine gute Idee
von Schwarz - er möchte den gefährlichen weißen b2-Läufer tauschen.} 21. Bxf6
Nxf6 22. Rc3 (22. Ne3 $11) 22... a5 $1 {[%mdl 32] Gewöhnlich kann sich Schwarz
in Igelstellungen diesen Zug nicht leisten, wegen der Schwächung des b5-Feldes,
aber hier ist der weiße Springer sehr weit weg von b5. Im folgenden kann
Schwarz die a-Linie öffnen.} (22... e5 23. f5 $14) 23. Nf2 (23. b5 $2 N8d7 $15
{[%cal Gd7c5]}) 23... axb4 24. axb4 Ra8 {[%cal Ga8a1]} 25. Rfc1 Ra2 26. Qe3 {
[%cal Gc4c5]} Rea8 27. c5 dxc5 (27... bxc5 $5 28. bxc5 d5 29. c6 Ba6 $13 30. e5
$2 d4 31. Qxd4 Rd8 $19) 28. bxc5 bxc5 29. Rxc5 (29. Nb3 $11) 29... Qb6 {
Die Bauernstellung ist symmetrisch, Schwarz hat aktives Figurenspiel, aber
Weiß hat keine Probleme. Man kann ein Remisergebnis erwarten.} 30. Nc4 (30. Nf1
$2 Qb2 (30... N8d7 31. R5c2 $11) 31. R1c2 (31. Kg1 Ng4 $19) 31... Qxc2 32. Rxc2
Rxc2 $19 {[%cal Ra8a2,Ra2h2]}) 30... Qb4 31. Kg1 $4 {[%mdl 8192] Weiß möchte
seine Königsstellung verbessern, aber dieser scheinbar natürliche Zug ist in
Wirklichkeit ein grober Fehler.} ({Atlas,V: Careless move impressively refuted
by Black. After} 31. Rc7 {Atlas,V: 'the chances are about equal.'} Rd8 32. Kg1
$11) {[#]} 31... Rxf2 $3 $19 {Atlas,V: 'This remarkable blow eliminates the
key defender of White's kingside and makes Black's attack irresisitble.'} 32.
Qxf2 ({Atlas,V: Of course, not} 32. Kxf2 Ng4+ $19 {', winning the queen.'})
32... Ng4 {[%csl Rc5,Rf2,Rg1][%cal Rc5g1] Der weiße König, der Turm und die
Dame stehen alle auf der a7-g1 Diagonalen.} 33. Qd4 Rd8 $1 (33... Rd8 34. Rb5 (
34. Rd5 exd5 $19) 34... Qxb5 {Atlas,V: 'A brilliant conclusion of Black's
fulminant attack! White resigned, facing a choice between huge material losses
and a nice mate final:'} 35. Qxd8 Qc5+ 36. Kh1 (36. Kf1 {Atlas,V} Qf2#) 36...
Nf2+ 37. Kg1 Nh3+ 38. Kh1 Qg1+ 39. Rxg1 Nf2# {Dieses Mattbild ist gut bekannt.}
) 0-1

[Event "Chalkidiki"]
[Site "Chalkidiki"]
[Date "1992.??.??"]
[Round "2"]
[White "Lautier, Joel"]
[Black "Ulybin, Mikhail"]
[Result "1-0"]
[WhiteElo "2580"]
[BlackElo "2570"]
[Annotator "Ribli,Z"]
[PlyCount "69"]
[EventDate "1992.09.??"]
[EventType "tourn"]
[EventRounds "11"]
[EventCountry "GRE"]
[EventCategory "14"]
[SourceTitle "CBM 032"]
[Source "ChessBase"]
[SourceDate "1993.02.01"]
[SourceVersion "1"]
[SourceVersionDate "1993.02.01"]
[SourceQuality "1"]

1. c4 {Lautier} c5 2. Nf3 Nf6 3. Nc3 e6 4. d4 cxd4 5. Nxd4 d5 (5... b6 $6 6.
Ndb5 a6 7. Nd6+ Bxd6 8. Qxd6 Nc6 9. g3 Bb7 10. Bg2 Na5 11. Bxb7 Nxb7 12. Qd4
$14 {Azmayparashvili,Z-Gedevanishvili,D Sydney 1990 CBM/20}) (5... a6 6. a3 b6
7. e4 d6 8. Be2 Bb7 9. f3 Nbd7 10. Be3 Be7 11. O-O O-O $13 {Xu Jun-Anastasian,
A PRC-CIS Beijing 1991 CBM/28}) 6. cxd5 (6. Bg5 e5 7. Nf3 d4 8. Nd5 Be7 9. Nxe7
Qxe7 10. e3 Qb4+ 11. Qd2 Qxd2+ 12. Nxd2 Nc6 13. exd4 Nxd4 14. O-O-O Ng4 15. Re1
f6 16. Be3 Nxe3 17. Rxe3 Be6 18. f4 exf4 19. Re4 O-O-O 20. Rxf4 Bf7 $10 {
Braga,F-Izeta,F Toledo 1991 CBM/22}) 6... Nxd5 7. Bd2 Be7 (7... Bc5 $5 8. Nb3
Bb6 $1 9. g3 a5 10. Bg2 a4 11. Nc1 a3 $13 {Peshina,G-Magerramov,E Budapest
Spring op 1990 EXP/17}) 8. e4 Nxc3 (8... Nb4 {Lautier is better.}) 9. Bxc3 O-O
10. Be2 b6 11. O-O Bb7 12. Qc2 Nd7 (12... Nc6 $2 13. Nxc6 Bxc6 14. Bxg7 $1 Bxe4
15. Qxe4 Kxg7 16. Rfd1 $16) 13. Rfd1 Qc7 (13... Qc8 {Lautier was more careful.}
) 14. Nb5 Qc6 15. Qd3 Rfd8 16. Qg3 $1 Nf6 (16... Bf6 $2 {Lautier} 17. Rxd7 $18)
17. Rdc1 Rdc8 (17... Qd7 $1 {Lautier was far more resilient.} 18. Be5 $1 {
with a lasting initiative for White.} (18. Bxf6 {Surprisingly enough, the
tactics work out fine for Black.} Bxf6 19. e5 Be7 20. Rc7 Qd2 21. Bh5 (21. Qe3
Qxb2 22. Rf1 Ba6 $1) (21. Rxe7 Qxb2 $1 22. Rf1 Qxe2 23. Nd6 Ba6) (21. Nc3 Rd7
22. Rd1 Qxd1+ 23. Bxd1 Rxc7) 21... Qxb2 22. Rf1 Qxb5 23. Rxe7 Rd7 24. Bxf7+ Kf8
$10)) 18. b3 Ba6 19. Bb2 Qe8 (19... Qd7 {Lautier} 20. Rd1 $18 {/\ Bf6}) 20.
Bxf6 $1 Bxf6 21. Nd6 Bxa1 22. Rxa1 Bxe2 23. Nxe8 Rxe8 24. Rc1 Bb5 (24... e5 {
Lautier} 25. Rc7 Rac8 26. Qxe5 $18) 25. Qe5 Rec8 26. Rc7 Be8 27. h3 b5 28. Qc5
Rxc7 29. Qxc7 a5 30. a3 $1 a4 31. b4 Kf8 32. e5 h6 33. h4 Ra6 34. Qc5+ Kg8 35.
Qc8 1-0

[Event "RUS-ch 54th"]
[Site "Elista"]
[Date "2001.05.01"]
[Round "2"]
[White "Arbakov, Valentin"]
[Black "Dvoirys, Semen I"]
[Result "1-0"]
[WhiteElo "2491"]
[BlackElo "2568"]
[Annotator "Ribli,Z"]
[PlyCount "87"]
[EventDate "2001.04.29"]
[EventType "swiss"]
[EventRounds "9"]
[EventCountry "RUS"]
[SourceTitle "CBM 083"]
[Source "ChessBase"]
[SourceDate "2001.07.05"]
[SourceVersion "1"]
[SourceVersionDate "2001.07.05"]
[SourceQuality "1"]

1. Nf3 Nf6 2. c4 c5 3. d4 {Meiner Meinung nach gibt dieser Zug Weiß kaum
Chancen auf Eröffnungsvorteil.} cxd4 4. Nxd4 e6 5. g3 (5. Nc3 Bb4 6. g3 d5)
5... Qc7 {Das ist eine gute Fortsetzung, aber auch die Alternativen sind gut
spielbar. Weiß muss nun seinen Pc4 verteidigen.} (5... Bb4+) (5... Qb6) (5...
a6) 6. Nd2 {Der Pc4 ist zwar verteidigt, dafür aber steht der Nd2 unglücklich
- sein natürliches Feld wäre c3.} (6. b3 Bb4+ 7. Bd2 Bc5 8. e3 (8. Bc3 Ne4 9.
Bg2 Nxc3 10. Nxc3 Qe5 11. e3 Nc6 $11) 8... O-O 9. Bg2 d5 $11) (6. Nc3 a6 $1 (
6... Qxc4 7. e4 Qb4 8. a3 Qb6 9. Be3 $32)) 6... a6 (6... b6) (6... Nc6) 7. Bg2
Nc6 (7... d6 8. b3 Be7 9. Bb2 O-O 10. Rc1 Bd7 11. O-O Nc6 $11) 8. Nxc6 (8. N2b3
d6 9. O-O Bd7 10. e4 Be7 11. Be3 Nxd4 12. Qxd4 O-O 13. h3 e5 14. Qd3 b5 15.
Rfc1 bxc4 16. Rxc4 Qb8 17. Qd2 a5 18. Rac1 Bd8 19. Na1 Ra6 20. b3 h6 {1/2-1/2
Gelfand,B-Leko,P/Istanbul 2000/EXT 2001 (20)}) 8... bxc6 {Dieser Zug wirkt
etwas gezwungen - Schwarz möchte das Spiel verkomplizieren. Das Zurückschlagen
des Springers mit dem d-Bauern würde Schwarz eine bequeme, ausgeglichene
Stellung verschaffen.} (8... dxc6 $5 9. O-O Be7 10. Nf3 e5 11. Qc2 O-O 12. b3
Re8 13. Bb2 Bc5 14. Bc3 Bg4 15. b4 Bf8 16. h3 Bxf3 17. Bxf3 c5 18. b5 axb5 19.
cxb5 e4 {1/2-1/2 Razuvaev,Y-Peev,P/Cienfuegos 1976/EXT 2000 (24)}) 9. O-O Be7 (
9... Bb7 10. b3 c5 11. e4 Be7 12. Bb2 d6 13. Qe2 O-O 14. f4 Nd7 15. g4 Rae8 16.
g5 e5 17. Qh5 Qd8 18. Rf3 Bc8 19. Raf1 Nb8 20. Bh3 {1-0 Nikolac,J-Christiansen,
L/Germany 1989/GER-chT (42)}) 10. Qc2 a5 $6 {Dieser Zug gefällt mir nicht. Der
Plan 0-0,Bb7,d6 und später c6-c5 verdient meines Erachtens den Vorzug. Schwarz
spielt in der Partie zwar ähnlich, aber aufgrund der Partiefortsetzung ist nun
immer das Feld b5 geschwächt.} (10... d6 11. b4 Rb8 12. Rb1 O-O 13. a4 Bd7 14.
Qa2 Qa7 15. Ba3 c5 16. bxc5 dxc5 17. a5 Qc7 18. Bb2 Bc6 19. Bxc6 Qxc6 {1/2-1/2
Kalinitschew,S-Lau,R/Muenster 1997/CBM 60 ext (29)}) 11. b3 Bb7 12. Bb2 c5 (
12... d5 13. e4 $14) 13. e4 $14 {Dank der beiden Läufer auf den großen
Diagonalen und Raumvorteils im Zentrum steht Weiß etwas besser.} O-O (13... d6
14. Rfe1 (14. e5 Bxg2 15. exf6 Bxf1 16. fxg7 Rg8 17. Qxh7 Kd7 18. Rxf1 a4 $13)
14... O-O 15. e5 dxe5 16. Bxe5 $14) 14. e5 Ng4 (14... Ne8 15. Bxb7 Qxb7 16. Ne4
$14 {[%csl Yb5][%cal Ge4c3,Gc3b5]} (16. Qe4 d5 17. exd6 Nxd6 $11)) 15. Bxb7
Qxb7 16. Qe4 $1 {[%mdl 32] Weiß tauscht die aktive schwarze Dame ab.} (16. Ne4
f5 17. exf6 Nxf6 $11) 16... Qxe4 17. Nxe4 {[%cal Ge4c3,Gc3b5] Weiß übt spürbar
positionellen Druck aus - der Pe5 garantiert ihm Raumvorteil.} f6 $6 (17... f5
18. exf6 Nxf6 19. Nc3 $14) 18. Rad1 $1 Ra7 (18... Nxe5 $2 19. Bxe5 fxe5 20.
Rxd7 $16 {[%csl Ge4] Diese Stellung ist strategisch verloren für Schwarz.}) 19.
exf6 Nxf6 20. Nc3 {[%csl Gc3][%cal Gc3b5,Gc3a4] Der weiße Springer hat immer
einen Vorposten auf b5, zudem unterbindet er von c3 aus den schwarzen Vorstoß
a5-a4.} Rb7 21. Rfe1 Kf7 22. Re2 Rc8 (22... Rd8 23. Red2 $14 (23. f4 g6 (23...
d5 24. f5 $36) 24. Na4 $14)) 23. Kg2 {Mit kleinen Zügen verbessert Weiß
Schritt für Schritt seine Stellung.} Rc6 $6 {Schwarz möchte mit 24...Rd6 die
Türme tauschen, aber dieser ganze Plan gefällt mir nicht.} 24. f4 (24. Red2 $14
) 24... Rd6 $6 25. Rxd6 Bxd6 26. Nb5 {[%csl Gb5] Der weiße Springer steht
ausgezeichnet auf b5.} Be7 (26... Bc7 27. Bc3 $16) 27. Bc3 $16 {[%csl Ra5] Nun
ist der schwarze Pa5 schon nicht mehr zu verteidigen.} a4 28. bxa4 Rb6 {
Natürlich muss Schwarz den a-Bauern blockieren, aber die Alternative bietet
Schwarz bessere praktische Chancen.} (28... d5 29. a5 dxc4 30. a6 Rb6 (30...
Rxb5 $2 31. a7 $18) 31. a7 Ra6 32. Kf3 Nd5 33. Be5 $16 {[%csl Ga7]}) 29. a5 Ra6
30. Nc7 Ra7 31. Nb5 Ra6 32. Rd2 {Weiß gibt sich natürlich nicht mit Remis
durch Zugwiederholung zufrieden.} d5 $5 {Mit diesem Zug versucht Schwarz,
taktische Gegenchancen zu bekommen.} (32... d6 33. Kf3 $16) 33. Nc7 Ra7 (33...
Rc6 34. cxd5 Rxc7 35. d6 $16) 34. cxd5 Rxc7 (34... exd5 35. Nxd5 Ne4 (35...
Nxd5 36. Rxd5 $18) 36. Nxe7 Nxd2 (36... Rxe7 37. Rc2 $18 (37. Rd3 $18)) 37. Nc6
$18) 35. d6 {[%cal Rd6c7,Rd6e7]} Bxd6 36. Rxd6 Ne4 $2 (36... Nd5 $1 37. Be5 Ra7
38. a6 Nb4 $132) 37. Rd3 c4 (37... Ra7 38. Be1 $16) 38. Re3 Nxc3 39. Rxc3 {
[%mdl 4096]} Ke7 (39... Ra7 40. Rxc4 Rxa5 41. a4 $16) 40. Kf3 Kd6 41. Ke3 (41.
Ke4) 41... Kc5 42. Kd2 e5 $6 (42... Kd4 43. a6 Ra7 44. Ra3 $16) (42... Kb4 43.
Re3 Kxa5 44. Kc3 $16) (42... Ra7 43. Re3 $16 Rxa5 $2 44. Re5+ Kb6 45. Rxa5 Kxa5
46. Kc3 Kb5 47. a4+ Kc5 48. g4 h6 49. h4 g6 50. a5 Kb5 51. a6 Kxa6 52. Kxc4 Kb6
53. Kd4 $18) 43. fxe5 Ra7 44. Ra3 {Und Schwarz gab in völlig hoffnungsloser
Stellung auf.} (44. Ra3 Kb4 45. Re3 Rxa5 46. a3+ Kc5 (46... Rxa3 47. Rxa3 Kxa3
48. Kc3 $18 (48. e6 Kb2 49. e7 c3+ $11)) 47. e6 Ra8 48. e7 Re8 49. Kc3 $18) 1-0

[Event "Bishkek zt"]
[Site "Bishkek"]
[Date "1993.??.??"]
[Round "?"]
[White "Graf, Alexander"]
[Black "Vakhidov, Tahir"]
[Result "1-0"]
[WhiteElo "2565"]
[BlackElo "2455"]
[Annotator "Ribli,Z"]
[PlyCount "89"]
[EventDate "1993.??.??"]
[EventType "tourn"]
[EventRounds "13"]
[EventCountry "KGZ"]
[EventCategory "7"]
[SourceTitle "CBM 035"]
[Source "ChessBase"]
[SourceDate "1993.08.01"]
[SourceVersion "1"]
[SourceVersionDate "1993.08.01"]
[SourceQuality "1"]

1. Nf3 Nf6 2. c4 c5 3. d4 cxd4 4. Nxd4 e6 5. g3 Bb4+ 6. Bd2 Qb6 (6... Be7 {
Hutters,T-Romanishin,O/Tastrup/1992/CBM28/}) 7. Bg2 (7. e3 $5 {Tukmakov,
V-Tolnai,T/Bern/1992/CBM28/INF54,39/}) 7... Bc5 8. e3 Nc6 9. Nc3 Be7 (9... Nxd4
10. exd4 Bxd4 11. O-O O-O 12. Nb5 $44) 10. Rc1 Qd8 (10... Nxd4 11. exd4 Qxd4
12. Nb5 Qe5+ 13. Qe2 Qxe2+ 14. Kxe2 O-O 15. Be3 $44) 11. O-O O-O 12. Qb3 (12.
Qe2 $5) 12... Bc5 13. Rfd1 $5 (13. Nce2 $14) 13... Bxd4 (13... Nxd4 14. exd4
Bxd4 15. Nb5 Bc5 16. Bb4 $14) 14. exd4 Nxd4 15. Qa3 $44 d6 16. Be3 Nf5 17. Bf4
Qe7 (17... Ne8 18. Bxd6 Nexd6 19. c5 $16) 18. Bxd6 Nxd6 19. Rxd6 Rb8 20. Nb5
Ne8 (20... a6 21. Rxa6 $1) 21. Qxa7 Nxd6 22. Qxb8 Qg5 23. Rd1 (23. f4 $4 Qc5+
24. Kh1 Nxb5 $19) 23... Nxc4 (23... Nxb5 24. cxb5 Qxb5 25. b3 $14) 24. Na7 Nxb2
25. Rb1 Qc5 (25... Bd7 26. Qxb7 $18) 26. Rxb2 Qc1+ 27. Bf1 Qxb2 28. Nxc8 Qa3 (
28... Qxa2 $4 29. Ne7+ $18) 29. Qxb7 Qxa2 30. Ne7+ Kh8 31. Qb4 $16 Qa8 (31...
Rd8 $5) 32. Bd3 Qb8 33. Qh4 $1 h6 34. Qe4 g6 35. Nxg6+ $1 fxg6 36. Qxg6 Qc7 37.
Qxh6+ Kg8 38. Qxe6+ $18 Qf7 39. Qg4+ Kh8 40. Qh4+ Kg7 41. Qd4+ Kh6 42. h4 Qf3
43. g4 Qf4 44. Qb6+ Rf6 45. Qxf6+ 1-0

[Event "Corus-B"]
[Site "Wijk aan Zee"]
[Date "2005.01.20"]
[Round "5"]
[White "Nielsen, Peter Heine"]
[Black "Cheparinov, Ivan"]
[Result "0-1"]
[WhiteElo "2648"]
[BlackElo "2572"]
[Annotator "Ribli,Z"]
[PlyCount "56"]
[EventDate "2005.01.15"]
[EventType "tourn"]
[EventRounds "13"]
[EventCountry "NED"]
[EventCategory "13"]
[SourceTitle "CBM 105"]
[Source "ChessBase"]
[SourceDate "2005.04.11"]
[SourceVersion "1"]
[SourceVersionDate "2005.04.11"]
[SourceQuality "1"]

1. d4 Nf6 2. Nf3 e6 3. c4 c5 4. g3 cxd4 5. Nxd4 Qb6 {Statt dieser Fortsetzung
hat Schwarz viele Alternativen - 5...Qa5+, 5...a6, 5...Bb4+, 5...Nc6, 5...Qc7
und 5...d5.} 6. Bg2 Nc6 (6... Bc5 7. e3 Nc6 8. O-O Nxd4 9. exd4 Bxd4 10. Nc3
$44) 7. Nb3 {Dieser Springerzug erscheint mir natürlich, aber die scheinbar
bescheidenere Alternative 7.Nc2 kommt auch in Betracht.} (7. Nc2 d5 8. O-O Be7
9. cxd5 exd5 10. Nc3 O-O $1 (10... Be6 $143) 11. Nxd5 Nxd5 12. Qxd5 Be6 13. Qe4
Bf6) 7... Ne5 {Mit diesem Springerzug greift Schwarz den c4-Bauern an und
möchte die Entwicklung des weißen Damenflügels stören.} (7... Bb4+ 8. Nc3 (8.
Bd2 a5 9. Na3 d5 10. cxd5 exd5 11. Nc2 $13) 8... Ne5) 8. c5 {Das ist ein
Bauernopfer und Weiß bekommt im Folgenden Druck auf den schwarzen Feldern.
Aber ich bin mir gar nicht sicher, ob dieses Bauernopfer völlig korrekt ist.} (
8. O-O Nxc4 9. e4 d6 10. Qe2 Ne5 11. Nc3 Bd7 12. Be3 Qa6 13. Qxa6 bxa6 14. Na5
Rc8 15. Rfd1 Be7 16. Bxa7 Nc6 17. Nxc6 Bxc6 18. Rac1 $36 {1-0 Baumgartner,
H-Topakian,R/AUT-ch+ 1991/EXT 91ch (41)}) (8. N3d2 d6 $142 9. O-O Be7 $13) (8.
N1d2 d6 9. O-O Bd7 10. Qc2 Rc8 11. Qc3 Qa6 12. c5 b6 13. f4 Nc6 14. cxd6 Bxd6
15. Nc4 Be7 16. Qd3 O-O 17. Ne5 Qxd3 18. Nxd3 Nb4 19. Nxb4 Bxb4 20. Rd1 Rc2 21.
Bd2 {1/2-1/2 Korchnoi,V-Zagorskis,D/4th Open, Wichern GER 1997}) (8. Qc2 Qa6 $5
(8... Qc7) (8... Qb4+) (8... d6) 9. c5 (9. N3d2 d5 10. cxd5 exd5 $132) (9. N1d2
$5) 9... d5 (9... Qc4 10. Qxc4 Nxc4 11. N1d2 (11. Nc3 d5 12. Nb5 Kd8 13. Bf4 (
13. O-O Bd7 $11) 13... Bd7 $15) 11... d5 12. cxd6 Nxd6 13. O-O Be7 14. Rd1 $14)
10. cxd6 Bxd6 11. Nc3 (11. O-O Bd7 12. Nc3 Rc8 13. Rd1 Be7 14. Bf4 Nc4 (14...
Ng6 15. Bg5 Bc6 $11) 15. Nd2 Nxd2 16. Qxd2 O-O $11 {0-1 Gelfand,B-Ivanchuk,V/
Lvov 2000/CBM 77/[Stohl] (60)}) 11... Bd7 12. Bg5 Rc8 13. Bxf6 gxf6 14. O-O Bc6
15. Bxc6+ Qxc6 16. Nd4 Qa6 17. Rfd1 O-O 18. Qc1 Ng6 {1/2-1/2 Gelfand,B-Topalov,
V/Monte Carlo MNC 2003/(27)}) 8... Bxc5 9. Nxc5 Qxc5 10. O-O {[%csl Gc1,Gg2]
Weiß hat das Läuferpaar und eine schnelle Entwicklung, aber die schwarze
Stellung ist fest und hat keine Schwächen. Im Folgenden kann er mit d7-d5 eine
starke Zentrumsstellung aufbauen.} Nc6 $5 $146 {Mit dem Springerzug bereitet
Schwarz die Möglichkeit 11.b3 Qe5.} (10... O-O 11. b3 Nc6 12. Ba3 Nb4 13. Nc3
d5 14. Rc1 Qe7 15. e4 dxe4 16. Nxe4 a5 (16... Nxe4 17. Bxe4 a5 18. Qd4 Rd8 19.
Qc5 Qxc5 20. Rxc5 b6 21. Rc7 Ba6 22. Bxa8 Bxf1 23. Kxf1 Rxa8 24. Bxb4 axb4 25.
Rb7 g5 $11 {1/2-1/2 Roktim,B-Kunte,A/Visakhapatnam IND 2004/(47)}) 17. Qe2 Nfd5
18. Nc3 Qf6 19. Nxd5 exd5 20. Bxb4 axb4 21. Bxd5 Ra5 22. Rfd1 h5 23. Rd2 Bg4
24. Qe3 Bh3 {0-1 Nielsen,P-Lautier,J/Sanxenxo ESP 2004/(33)}) 11. Nc3 (11. b3
$142 $5 {[%cal Gc1a3,Ga3f8]} d5 (11... Qe5 12. Qd2 Qxa1 (12... d5 13. Ba3 $44 (
13. Bb2 $44)) 13. Nc3 d5 14. Ba3 Qxf1+ 15. Kxf1 a6 16. e4 d4 17. e5 $14) (11...
a5 12. Ba3 Nb4 13. Nd2 $44) 12. Ba3 Nb4 {Diese Zugfolge ist nur Zugumstellung
zur Variante 10...d5 11.b3 Nc6 12.Ba3 Nb4.}) 11... d5 $11 {Schwarz hat eine
sehr bequeme Stellung und seine Zentrumsstellung ist stark; er hat einen
Bauern mehr. Weiß hat ein wenig Aktivität, aber - meiner Meinung nach - muss
er noch zeigen, ob er ausreichend Kompensation hat.} 12. Bg5 h6 (12... Qe7 13.
e4 {Weiß muss die Stellung schnell öffnen.} d4 14. Nd5 $1 exd5 15. exd5 {
[%cal Rd5c6,Rf1e1,Re1e8]} Ne5 16. Qxd4 {[%cal Rf1e1,Re1e8]} h6 17. Rfe1 $18)
13. Bxf6 gxf6 14. Rc1 {Droht 15.Nxd5, die Dame muss von c5 weg gehen.} Qe7 (
14... Qb6 15. e4 d4 16. Na4 $44) 15. Qd2 (15. e4 $5 d4 (15... dxe4 16. Nxe4 $44
) 16. Na4 e5 17. Nc5 (17. Qh5 Qe6 18. a3 Qg4 $15) 17... h5 18. h4 Bg4 19. Qa4
$44) 15... Kf8 {[%mdl 32] Wegen der Schwäche des h6-Bauern kann Schwarz nicht
rochieren, so dass er seine Koenigsstellung durch 15...Kf8 und 16...Kg7
verbessert.} 16. Nb5 (16. e4 d4 17. Na4 $44) 16... Kg7 {[%csl Gg7] Die
schwarze Königsstellung ist sicher auf g7.} 17. e4 $1 {Weiß hat einen
Entwicklungsvorteil - er muss die Stellung öffnen.} dxe4 (17... a6 18. exd5
axb5 19. dxc6 bxc6 20. a3 Bb7 21. Bxc6 Bxc6 22. Rxc6 $14) 18. Bxe4 Rd8 19. Qe3
a6 20. Bxc6 (20. Nc3 Bd7 $15) 20... bxc6 21. Nd4 {[%csl Rc6,Gd4][%cal Rd4c6,
Rc6e7,Rc6d8,Rd4f5,Rf5g7,Rf5e7] Der c6P hängt und es droht 22.Nf5+ mit
Damengewinn.} Rd5 $1 (21... Bb7 $4 22. Nf5+ {[%cal Rf5e7,Rf5g7]}) 22. Nxc6 (22.
Rxc6 Bb7 23. Rc4 Rad8 $15) 22... Qd6 $15 {Schwarz kontrolliert die d-Linie und
hat eine einfache Strategie - Bb7 und möglicherweise Rd8 spielen. Weiß hat
Probleme mit der Platzierung des c6-Springers.} 23. Qb3 $4 {[%mdl 8192]} (23.
Rc4 Bb7 24. Rfc1 (24. Rh4 Rh8 25. Nb4 Rd1 $15) (24. Nd4 Rd8 $15) 24... Rd1+ $19
) 23... Bd7 {[%csl Rc6]} 24. Nb4 (24. Qb7 Rc8 25. Na7 Rb8 26. Qc7 Rxb2 $19)
24... Rb8 25. Rc4 a5 $19 {[%csl Rb4][%cal Rb8b3]} 26. Rg4+ Kf8 27. Qe3 axb4 28.
Qxh6+ Ke7 0-1